[Event "Open SSM B Maggio"]
[Site "Milano ITA"]
[Date "2015.05.24"]
[Round "5"]
[White "Longo, Giovanni"]
[Black "Rigotti, Gianluigi"]
[WhiteElo "1690"]
[BlackElo "1525"]
[Result "1-0"]
[PlyCount "99"]
[EventDate "2015.05.20"]

1. e4 e5 2. Nf3 Nc6 3. Be2 Nf6 4. Nc3 Bc5 5. Nxe5 Bxf2+ 6. Kxf2 Nxe5 7. Rf1 d6
8. Kg1 c5 9. d4 cxd4 10. Qxd4 Qb6 11. Qxb6 axb6 12. Bg5 Ned7 13. Nb5 Ke7 14.
Rfd1 Ra5 15. Bxf6+ Nxf6 16. Nxd6 Rd8 17. Nxc8+ Rxc8 18. Bd3 Ng4 19. Rd2 Ne5 20.
Be2 Rac5 21. c3 b5 22. Rd5 Rxd5 23. exd5 Rc5 24. Re1 Kd6 25. Rd1 Nc4 26. b4 Rc7
27. Bxc4 Rxc4 28. Rd3 b6 29. Kf2 Re4 30. Rh3 h6 31. Rg3 g6 32. Rf3 f5 33. Rg3
g5 34. Rh3 Rh4 35. Rxh4 gxh4 36. Kf3 Kxd5 37. Ke3 Kc4 38. Kd2 f4 39. h3 Kd5 40.
Kd3 h5 41. a3 Ke5 42. c4 bxc4+ 43. Kxc4 f3 44. gxf3 Kf4 45. a4 Kxf3 46. a5 bxa5
47. bxa5 Kg3 48. a6 Kxh3 49. a7 Kg3 50. a8=Q 1-0

[Event "Open SSM B Maggio"]
[Site "Milano ITA"]
[Date "2015.05.24"]
[Round "5"]
[White "Madaschi, Sergio"]
[Black "Vece, Luigi"]
[WhiteElo "1501"]
[BlackElo "1566"]
[Result "1-0"]
[PlyCount "27"]
[EventDate "2015.05.20"]

1. e4 c5 2. Nf3 d6 3. d4 cxd4 4. Nxd4 Nf6 5. Nc3 a6 6. Bg5 e6 7. f4 Be7 8. Qf3
O-O 9. O-O-O Nfd7 10. Bxe7 Qxe7 11. g4 Nb6 12. Be2 Bd7 13. g5 Rc8 14. h4 {...}
1-0

[Event "Open SSM B Maggio"]
[Site "Milano ITA"]
[Date "2015.05.24"]
[Round "5"]
[White "Pipitone, Filippo Massimo"]
[Black "Guglielmetti, Oscar"]
[WhiteElo "1544"]
[BlackElo "1683"]
[Result "0-1"]
[PlyCount "44"]
[EventDate "2015.05.20"]

1. d4 g6 2. c4 Bg7 3. Nc3 d6 4. e4 Nf6 5. f3 O-O 6. Be3 Nc6 7. Qd2 e5 8. d5 Ne7
9. Bd3 Ne8 10. g4 f5 11. gxf5 gxf5 12. exf5 Bxf5 13. Bxf5 Nxf5 14. Bg5 Nf6 15.
O-O-O Qe8 16. Re1 Qf7 17. Ne4 Nd4 18. Qg2 Kh8 19. Ne2 Nxe4 20. fxe4 Qf3 21.
Qxf3 Nxf3 22. Ref1 Nxg5 0-1

[Event "Open SSM B Maggio"]
[Site "Milano ITA"]
[Date "2015.05.24"]
[Round "6"]
[White "Guglielmetti, Oscar"]
[Black "Fantina, Carla"]
[WhiteElo "1683"]
[BlackElo "1316"]
[Result "0-1"]
[PlyCount "130"]
[EventDate "2015.05.20"]

1. Nf3 d6 2. g3 g6 3. Bg2 Bg7 4. O-O Nf6 5. d3 O-O 6. Nc3 c5 7. e4 Nc6 8. h3
Rb8 9. Be3 h6 10. e5 Ne8 11. exd6 exd6 12. Qd2 Kh7 13. Rab1 Nd4 14. Bxd4 cxd4
15. Nb5 Qb6 16. a4 a6 17. Na3 Be6 18. b3 Qc7 19. Qe2 d5 20. Rbc1 Nd6 21. Nb1 b5
22. axb5 Nxb5 23. Nfd2 Qd7 24. g4 Rbe8 25. f4 f5 26. g5 hxg5 27. fxg5 Qd6 28.
Qf2 Kg8 29. Nf3 Kf7 30. Rfe1 Ke7 31. Nh4 Kf7 32. Re2 Rh8 33. Rce1 Nc7 34. Nf3
Bd7 35. Nxd4 Rxe2 36. Rxe2 Nb5 37. Nxb5 Bxb5 38. Qa7+ Bd7 39. Nd2 Qc6 40. Nf3
Ra8 41. Qf2 Re8 42. h4 Qc3 43. Rxe8 Bxe8 44. Qe2 Qc5+ 45. Kh1 a5 46. Ne5+ Kg8
47. Ng4 Bf7 48. Ne3 Qd6 49. Qf3 Qc5 50. c4 Qa3 51. Nxd5 Qxb3 52. Qf2 Qb2 53.
Qe1 Bd4 54. Nf6+ Kg7 55. Qxa5 Qf2 56. Kh2 Qxh4+ 57. Bh3 Qf2+ 58. Bg2 Qf4+ 59.
Kh3 Qxg5 60. Nd5 Qg4+ 61. Kh2 Be5+ 62. Kg1 Bd4+ 63. Kh2 Qh4+ 64. Bh3 Qf2+ 65.
Bg2 Be5+ 0-1

[Event "Open SSM B Maggio"]
[Site "Milano ITA"]
[Date "2015.05.24"]
[Round "6"]
[White "Longo, Giovanni"]
[Black "Carli, Federico"]
[WhiteElo "1690"]
[BlackElo "1629"]
[Result "1/2-1/2"]
[PlyCount "50"]
[EventDate "2015.05.20"]

1. e4 g6 2. Bc4 Bg7 3. Ne2 d6 4. d4 Nf6 5. Nbc3 O-O 6. f3 c6 7. Be3 b5 8. Bd3
a5 9. Ng3 Nbd7 10. Qd2 Nb6 11. b3 Ba6 12. Nce2 a4 13. Bh6 c5 14. Bxg7 Kxg7 15.
dxc5 dxc5 16. e5 Nfd5 17. Nh5+ Kh8 18. Qh6 Rg8 19. Neg3 Qf8 20. Qg5 h6 21. Qh4
gxh5 22. Nxh5 b4 23. Be4 f5 24. Bxd5 Nxd5 25. O-O-O Bb7 1/2-1/2

[Event "Open SSM B Maggio"]
[Site "Milano ITA"]
[Date "2015.05.24"]
[Round "6"]
[White "Pipitone, Filippo Massimo"]
[Black "Colica, Daniele"]
[WhiteElo "1544"]
[BlackElo "1638"]
[Result "0-1"]
[PlyCount "152"]
[EventDate "2015.05.20"]

1. d4 h6 2. Nf3 g5 3. h3 Bg7 4. e4 c5 5. c3 cxd4 6. cxd4 Qb6 7. Nc3 e6 8. Be2
Ne7 9. O-O d5 10. Na4 Qd8 11. Nc3 Nbc6 12. e5 a6 13. Be3 Nf5 14. Rc1 Nxe3 15.
fxe3 Bd7 16. Na4 O-O 17. Nh2 Na5 18. Nc5 b6 19. Nxd7 Qxd7 20. b3 b5 21. Bh5 f5
22. exf6 Rxf6 23. Qd2 Nb7 24. Ng4 Rff8 25. Qd3 Nd6 26. Bg6 Nf5 27. Rf3 Nh4 28.
Rxf8+ Rxf8 29. Bh5 Nf5 30. Bg6 Ng3 31. Bh7+ Kh8 32. Re1 h5 33. Nh2 Qf7 34. Qd2
e5 35. Nf3 Bf6 36. Bc2 g4 37. Nxe5 Bxe5 38. dxe5 gxh3 39. gxh3 Nf1 40. Qe2 Qg7+
41. Qg2 Qxe5 42. Kh1 Rg8 43. Qxf1 Qc3 44. Qe2 Rg5 45. Rf1 d4 46. Qd3 Qc6+ 47.
Qe4 Qxe4+ 48. Bxe4 dxe3 49. Re1 Rc5 50. Rxe3 Rc1+ 51. Kg2 Ra1 52. Bf3 Rxa2+ 53.
Re2 Ra3 54. Bxh5 Rxb3 55. Re8+ Kg7 56. Ra8 Ra3 57. Bg4 b4 58. Rb8 a5 59. Be6
Kf6 60. Bg8 Kg5 61. Be6 Kf4 62. h4 Rd3 63. h5 Kg5 64. Bf7 Rd4 65. Rb5+ Kf6 66.
Bg6 a4 67. Rb6+ Kg5 68. Kg3 a3 69. Rb5+ Kh6 70. Kf3 a2 71. Ra5 b3 72. Ra6 Rd6
73. Rxd6 a1=Q 74. Be8+ Kg5 75. Rd5+ Kf6 76. h6 Qh1+ 0-1

[Event "Open SSM B Maggio"]
[Site "Milano ITA"]
[Date "2015.05.24"]
[Round "6"]
[White "Rigotti, Gianluigi"]
[Black "Mazzoccoli, Simone"]
[WhiteElo "1525"]
[BlackElo "1704"]
[Result "0-1"]
[PlyCount "48"]
[EventDate "2015.05.20"]

1. e4 c5 2. g3 d5 3. Bg2 e6 4. c3 Ne7 5. d4 cxd4 6. cxd4 Nbc6 7. Ne2 g6 8. Nd2
Bg7 9. e5 Qb6 10. Nb3 Nf5 11. O-O O-O 12. g4 Nfe7 13. Be3 Qd8 14. Qd2 b6 15.
Bh6 Ba6 16. Bxg7 Kxg7 17. Rfe1 Rc8 18. Nc3 Qd7 19. Re3 Bc4 20. Rh3 Ng8 21. Qf4
Bxb3 22. g5 Bc2 23. Qh4 h5 24. gxh6+ Kh7 0-1

[Event "Memorial Francesco Greco"]
[Site "Napoli ITA"]
[Date "2015.04.09"]
[Round "1"]
[White "Baccelliere, Donato"]
[Black "Esposito, Rosario"]
[WhiteElo "1467"]
[BlackElo "1813"]
[Result "0-1"]
[PlyCount "88"]
[EventDate "2015.04.09"]

1. e4 c5 2. Nf3 e6 3. d4 cxd4 4. Nxd4 Nc6 5. Bb5 Bc5 6. Be3 Nxd4 7. Bxd4 Bxd4
8. Qxd4 Qg5 9. Nc3 Nf6 10. Qd6 Nxe4 11. Nxe4 Qxb5 12. O-O-O Qc6 13. Qxc6 bxc6
14. Nd6+ Ke7 15. Rd3 Ba6 16. Rd2 Rhd8 17. f4 f5 18. Re1 Kf8 19. h4 Rab8 20. a3
c5 21. b3 Bb7 22. Nxb7 Rxb7 23. h5 Rb6 24. Rg1 d5 25. g4 fxg4 26. Rxg4 Rb7 27.
Rdg2 Rf7 28. Re2 Re8 29. c3 Rf5 30. Re5 Rxe5 31. fxe5 Re7 32. Rf4+ Rf7 33.
Rxf7+ Kxf7 34. b4 cxb4 35. axb4 g6 36. hxg6+ Kxg6 37. Kd2 h5 38. Ke2 Kf5 39.
Kf3 Kxe5 40. Kg3 d4 41. cxd4+ Kxd4 42. Kh4 Kc4 43. Kxh5 Kxb4 44. Kg4 a5 0-1

[Event "Memorial Francesco Greco"]
[Site "Napoli ITA"]
[Date "2015.04.09"]
[Round "1"]
[White "Buiano, Fabio"]
[Black "Minopoli, Francesco"]
[WhiteElo "2067"]
[BlackElo "1655"]
[Result "1-0"]
[PlyCount "57"]
[EventDate "2015.04.09"]

1. e4 c5 2. Nc3 Nc6 3. f4 d6 4. Nf3 Nf6 5. Bb5 a6 6. Bxc6+ bxc6 7. d3 Rb8 8. b3
d5 9. O-O e6 10. Qe2 Be7 11. h3 Qc7 12. g4 Nd7 13. Bd2 Nf6 14. Rae1 d4 15. Nd1
Nd7 16. Nb2 Nf8 17. Ne5 Bh4 18. Nbc4 Bxe1 19. Qxe1 Bd7 20. Ba5 Qa7 21. Nd6+ Ke7
22. Ndxf7 Ng6 23. Nxh8 Rxh8 24. Nc4 Qb8 25. Bb6 h5 26. Bxc5+ Kd8 27. f5 exf5
28. exf5 Re8 29. Qa5+ 1-0

[Event "Memorial Francesco Greco"]
[Site "Napoli ITA"]
[Date "2015.04.09"]
[Round "1"]
[White "Caiazzo, Diego"]
[Black "Seletsky, Grigory"]
[WhiteElo "1718"]
[BlackElo "2324"]
[Result "0-1"]
[PlyCount "146"]
[EventDate "2015.04.09"]

1. d4 Nf6 2. Nd2 e5 3. dxe5 Ng4 4. Ngf3 Nc6 5. Nb3 Ngxe5 6. Nxe5 Nxe5 7. Bf4
Qf6 8. Qd4 d6 9. O-O-O Be7 10. Bg3 O-O 11. Qf4 Qg6 12. Kb1 a5 13. h4 a4 14. Nd2
Be6 15. h5 Bxa2+ 16. Kc1 Qf6 17. Qxf6 Bxf6 18. Ne4 Bd8 19. e3 Be6 20. h6 g6 21.
Be2 Nc6 22. f4 a3 23. bxa3 Rxa3 24. Kd2 f5 25. Ng5 Bxg5 26. fxg5 Re8 27. Bf3
Ne5 28. Bf4 Nc4+ 29. Ke2 Rc3 30. Rc1 c6 31. Rhd1 d5 32. Rd3 Ra3 33. Rxa3 Nxa3
34. Kd3 Nb5 35. Ra1 Kf7 36. Ra5 Ke7 37. c3 Kd7 38. Bd1 Nc7 39. Ra7 Kc8 40. Ba4
Bd7 41. g3 Kb8 42. Ra5 b5 43. Bb3 Kb7 44. Ra1 Ne6 45. Ra2 Ra8 46. Rxa8 Kxa8 47.
Bd1 Kb7 48. Bf3 Kb6 49. Bg2 Kc5 50. Bf3 Bc8 51. Kd2 b4 52. cxb4+ Kxb4 53. Bd6+
Kb5 54. Be2+ Kb6 55. Be7 Ba6 56. Bf3 Bf1 57. Kc3 Bh3 58. Bf6 Kc7 59. Be5+ Kd7
60. Bf6 Bg4 61. Bg2 Kd6 62. Bf1 Bf3 63. Ba6 Nc5 64. Bd3 Be4 65. Be2 Nd7 66. Bg7
Ne5 67. Bf6 Nf7 68. Kd4 c5+ 69. Kc3 Ke6 70. Bd1 Nxh6 71. Ba4 Ng4 72. Kd2 Nxf6
73. gxf6 Kxf6 0-1

[Event "Memorial Francesco Greco"]
[Site "Napoli ITA"]
[Date "2015.04.09"]
[Round "1"]
[White "Condorelli, Pietro"]
[Black "Zinnai, Graziano Matteo"]
[WhiteElo "1677"]
[BlackElo "2110"]
[Result "0-1"]
[PlyCount "100"]
[EventDate "2015.04.09"]

1. e4 c5 2. Nf3 a6 3. c3 d5 4. Be2 dxe4 5. Qa4+ Nc6 6. Qxe4 Nf6 7. Qc2 Bg4 8.
O-O e6 9. h3 Bh5 10. d3 Bd6 11. Bg5 h6 12. Bxf6 Qxf6 13. Nbd2 Qe7 14. Ne4 Bc7
15. Ng3 Bg6 16. c4 O-O-O 17. Rfd1 Nd4 18. Nxd4 Rxd4 19. Qb3 Bxg3 20. fxg3 Rhd8
21. Rd2 Qg5 22. Rad1 Qxg3 23. Bf3 Qc7 24. a3 R8d6 25. Qc3 Qd8 26. Be2 e5 27. b4
Qc7 28. a4 Qb6 29. Rb2 e4 30. a5 Qc7 31. bxc5 Qxc5 32. Kh1 exd3 33. Bf3 Rd7 34.
Qe1 Qe7 35. Qc3 Be4 36. Bxe4 Qxe4 37. Re1 Rxc4 38. Qd2 Qd5 39. Re8+ Rd8 40. Re7
Rc7 41. Rxc7+ Kxc7 42. Qf4+ Rd6 43. Rd2 f5 44. Qb4 Qe4 45. Qc3+ Kb8 46. Rd1 d2
47. Qg3 f4 48. Qc3 Rd3 49. Qxg7 Rxh3+ 50. Kg1 Qe1+ 0-1

[Event "Memorial Francesco Greco"]
[Site "Napoli ITA"]
[Date "2015.04.09"]
[Round "1"]
[White "Cuccaro, Giuseppina"]
[Black "Taurisano, Vincenzo"]
[WhiteElo "1497"]
[BlackElo "1869"]
[Result "0-1"]
[PlyCount "54"]
[EventDate "2015.04.09"]

1. d4 c5 2. c3 cxd4 3. cxd4 d5 4. Nc3 e6 5. e3 Nf6 6. Nf3 Nc6 7. Bb5 Bd7 8. a3
Bd6 9. O-O O-O 10. Re1 Ne7 11. Bd3 Ng6 12. Bd2 a6 13. Rc1 Rc8 14. e4 dxe4 15.
Nxe4 Rxc1 16. Qxc1 Be7 17. b4 Bc6 18. Bc3 Nd5 19. Bb2 Qb8 20. Ne5 Nxe5 21. dxe5
Rd8 22. Bb1 Bb5 23. Ng5 Bxg5 24. Qxg5 Qc7 25. f4 Qb6+ 26. Kh1 Ne3 27. Rxe3 Rd1+
0-1

[Event "Memorial Francesco Greco"]
[Site "Napoli ITA"]
[Date "2015.04.09"]
[Round "1"]
[White "De Rosa, Fabrizio"]
[Black "Ghiani, Marco"]
[WhiteElo "1398"]
[BlackElo "1733"]
[Result "0-1"]
[PlyCount "64"]
[EventDate "2015.04.09"]

1. Nf3 Nf6 2. g3 d5 3. Bg2 e6 4. O-O c5 5. d3 Nc6 6. Nbd2 Bd6 7. b3 O-O 8. Bb2
Qc7 9. Re1 Ne5 10. e3 Nfd7 11. Rc1 Nxf3+ 12. Nxf3 Ne5 13. c4 Nc6 14. Nd2 Ne7
15. cxd5 exd5 16. d4 Qb6 17. Qe2 Be6 18. dxc5 Bxc5 19. Nf3 Rfc8 20. Nd4 Bd7 21.
Kh1 Qd6 22. Nb5 Qa6 23. Nc3 Qxe2 24. Nxe2 Bd6 25. Rcd1 Bb4 26. Rg1 Rc2 27. Bxd5
Nxd5 28. e4 Rxb2 29. Rxd5 Bc6 30. Rd4 Bc5 31. Rc4 Rxe2 32. f3 Bxg1 0-1

[Event "Memorial Francesco Greco"]
[Site "Napoli ITA"]
[Date "2015.04.09"]
[Round "1"]
[White "De Rosa, Francesco"]
[Black "Auletta, Pasquale"]
[WhiteElo "1938"]
[BlackElo "1604"]
[Result "1-0"]
[PlyCount "69"]
[EventDate "2015.04.09"]

1. d4 Nf6 2. Nf3 e6 3. c4 b6 4. Nc3 Bb4 5. Bg5 Bb7 6. e3 O-O 7. Bd3 h6 8. Bh4
c5 9. O-O d5 10. cxd5 exd5 11. Ne5 Nc6 12. Bxf6 Qxf6 13. Nd7 Qd6 14. Nxf8 Kxf8
15. a3 cxd4 16. Nb5 Qc5 17. Rc1 Qe7 18. axb4 dxe3 19. fxe3 Qxe3+ 20. Kh1 Nxb4
21. Rf3 Qe5 22. Rc7 Re8 23. Rfxf7+ Kg8 24. Rxg7+ Qxg7 25. Rxg7+ Kxg7 26. Qg4+
Kf6 27. Qxb4 a5 28. Qf4+ Kg7 29. Qg4+ Kf6 30. Qg6+ Ke7 31. Qd6+ Kf7 32. Bg6+
Kg7 33. Qd7+ Kxg6 34. Qxe8+ Kf6 35. Nd4 1-0

[Event "Memorial Francesco Greco"]
[Site "Napoli ITA"]
[Date "2015.04.09"]
[Round "1"]
[White "Esposito, Luca"]
[Black "Angelotti, Mario"]
[WhiteElo "2209"]
[BlackElo "1705"]
[Result "1-0"]
[PlyCount "97"]
[EventDate "2015.04.09"]

1. d4 Nf6 2. c4 d6 3. Nf3 g6 4. Nc3 Bg4 5. g3 c6 6. Bg2 Bg7 7. O-O O-O 8. h3
Bd7 9. e4 Qc7 10. e5 Ne8 11. Bf4 f6 12. Re1 fxe5 13. dxe5 Rxf4 14. gxf4 Bf5 15.
Ne4 Na6 16. Ng3 e6 17. Nxf5 exf5 18. Qd4 Nb4 19. Qd2 c5 20. Ng5 Qd7 21. Bd5+
Kh8 22. Nf7+ Kg8 23. Nxd6+ Kh8 24. Nf7+ Kg8 25. Nd6+ Kh8 26. Nxb7 Qe7 27. Na5
Rc8 28. a3 Na6 29. Rad1 Nec7 30. Nb7 Qh4 31. Nd6 Rf8 32. Nf7+ Kg8 33. Ng5+ Kh8
34. e6 h6 35. e7 Re8 36. Nf3 Qxh3 37. Ne5 Bxe5 38. Rxe5 Nxd5 39. cxd5 Qg4+ 40.
Kf1 Qh3+ 41. Ke2 Qg4+ 42. Kd3 Nc7 43. d6 Qf3+ 44. Kc2 Nb5 45. d7 Rg8 46. e8=Q
Nd4+ 47. Qxd4 cxd4 48. Qxg8+ Kxg8 49. d8=Q+ 1-0

[Event "Memorial Francesco Greco"]
[Site "Napoli ITA"]
[Date "2015.04.09"]
[Round "1"]
[White "Fortuna, Armando"]
[Black "Baltzopoulos, Giorgos"]
[WhiteElo "1618"]
[BlackElo "1986"]
[Result "0-1"]
[PlyCount "54"]
[EventDate "2015.04.09"]

1. e4 c5 2. Nf3 d6 3. d4 cxd4 4. Nxd4 Nf6 5. Nc3 a6 6. Be2 e5 7. Nb3 Be7 8. O-O
O-O 9. a4 Be6 10. Be3 Qc7 11. Nd5 Bxd5 12. exd5 Nbd7 13. a5 Rac8 14. c4 Ne4 15.
Qc2 f5 16. f3 Bg5 17. Bxg5 Nxg5 18. h4 Nf7 19. Qxf5 Qd8 20. Bd3 g6 21. Qh3 Nf6
22. g4 Qd7 23. Rae1 Nh5 24. f4 Nxf4 25. Rxf4 exf4 26. h5 Ng5 27. Qh1 Qxg4+ 0-1

[Event "Memorial Francesco Greco"]
[Site "Napoli ITA"]
[Date "2015.04.09"]
[Round "1"]
[White "Pellegrino, Carlo"]
[Black "Radice, Mario"]
[WhiteElo "1599"]
[BlackElo "1896"]
[Result "1/2-1/2"]
[PlyCount "53"]
[EventDate "2015.04.09"]

1. d4 Nf6 2. c4 g6 3. Nc3 d5 4. Bf4 Bg7 5. Nb5 Na6 6. Qd2 dxc4 7. Nc3 O-O 8. e4
c5 9. d5 Qa5 10. Bxc4 Bd7 11. Nf3 b5 12. Nxb5 Qxd2+ 13. Nxd2 Nh5 14. Bg5 Rfe8
15. Nc3 Nb4 16. O-O Rab8 17. Rac1 Rb6 18. Be3 Bd4 19. Nf3 Bxe3 20. fxe3 e6 21.
Ne5 Re7 22. Rf2 exd5 23. Nxd7 Rxd7 24. Bxd5 Nf6 25. e5 Ng4 26. Rd2 Nxe5 27. b3
1/2-1/2

[Event "Memorial Francesco Greco"]
[Site "Napoli ITA"]
[Date "2015.04.09"]
[Round "1"]
[White "Schiappoli, Dario"]
[Black "Freda, Guido"]
[WhiteElo "1872"]
[BlackElo "1581"]
[Result "1-0"]
[PlyCount "53"]
[EventDate "2015.04.09"]

1. e4 c5 2. d4 cxd4 3. c3 dxc3 4. Nxc3 e5 5. Bc4 Nf6 6. Nf3 d6 7. Ng5 Be6 8.
Nxe6 fxe6 9. Bxe6 Nc6 10. Be3 Qa5 11. O-O Nd8 12. Bh3 Be7 13. Qb3 b6 14. Nb5
Rb8 15. f4 Rb7 16. Bc8 Rb8 17. Nc7+ Kf8 18. Bh3 b5 19. Ne6+ Nxe6 20. Qxe6 b4
21. Rac1 g6 22. fxe5 Qxe5 23. Bh6+ Ke8 24. Rc8+ Rxc8 25. Qxc8+ Bd8 26. Rxf6
Qxf6 27. Qd7# 1-0

[Event "Memorial Francesco Greco"]
[Site "Napoli ITA"]
[Date "2015.04.09"]
[Round "1"]
[White "Solombrino, Giovanni"]
[Black "Sparice, Lorenzo"]
[WhiteElo "1819"]
[BlackElo "1472"]
[Result "1-0"]
[PlyCount "69"]
[EventDate "2015.04.09"]

1. e4 c5 2. Nf3 e6 3. d4 cxd4 4. Nxd4 a6 5. Bd3 b6 6. O-O Bb7 7. Nc3 Be7 8. f4
Nc6 9. Be3 Nxd4 10. Bxd4 Bc5 11. Bxc5 bxc5 12. Kh1 Nf6 13. e5 Nd5 14. Ne4 O-O
15. Rf3 Qc7 16. c4 Ne7 17. Rg3 Bxe4 18. Bxe4 Nf5 19. Bxf5 exf5 20. Qd3 f6 21.
exf6 g6 22. Rf3 Rxf6 23. Qd5+ Kg7 24. Qxa8 Qd6 25. Qd5 Qe7 26. Rd1 Re6 27. Rff1
d6 28. Qd2 Qb7 29. Rfe1 Qe7 30. Rxe6 Qxe6 31. Qxd6 Qxc4 32. Qe7+ Kh6 33. Qg5+
Kg7 34. Rd7+ Qf7 35. Rxf7+ 1-0

[Event "Memorial Francesco Greco"]
[Site "Napoli ITA"]
[Date "2015.04.09"]
[Round "1"]
[White "Vannini, Aldo"]
[Black "Di Giovine, Massimo"]
[WhiteElo "1744"]
[BlackElo "1437"]
[Result "1/2-1/2"]
[PlyCount "142"]
[EventDate "2015.04.09"]

1. d4 d5 2. Bf4 e6 3. e3 Bd6 4. Bg3 Nf6 5. Bd3 b6 6. Nf3 Bb7 7. Nbd2 Nbd7 8.
Bxd6 cxd6 9. O-O O-O 10. Re1 e5 11. e4 dxe4 12. Nxe4 Nxe4 13. Bxe4 d5 14. Bf5
e4 15. Nd2 Nf6 16. Nf1 Qc7 17. Ne3 Bc8 18. c3 Qf4 19. Bxc8 Raxc8 20. Qa4 Rc7
21. Qd1 Rd8 22. a4 h5 23. g3 Qg5 24. Ng2 Nh7 25. Qe2 Qh6 26. a5 Ng5 27. Nh4 Rb8
28. f4 Nh7 29. Rf1 Nf6 30. axb6 Rxb6 31. Ra2 g6 32. Rfa1 Rbb7 33. Ra6 Qg7 34.
Rd6 Rd7 35. Rxd7 Rxd7 36. h3 Qf8 37. b4 Rc7 38. Ra3 Qc8 39. Qd2 Qxh3 40. Qg2
Qxg2+ 41. Nxg2 Ng4 42. Kf1 f5 43. Ke2 Kf7 44. Kd2 g5 45. Ra6 gxf4 46. Nxf4 e3+
47. Kd3 Re7 48. Ke2 Nf6 49. Kf3 Rc7 50. Ne2 Ng4 51. Kf4 Kg7 52. Kg5 Rf7 53.
Kxh5 Nf6+ 54. Kg5 Ne4+ 55. Kf4 Rc7 56. Kxe3 Nxc3 57. Nxc3 Rxc3+ 58. Kf4 Rc4 59.
Kxf5 Rxb4 60. Rxa7+ Kf8 61. g4 Rxd4 62. Rd7 Ke8 63. Rd6 Ke7 64. Ra6 Re4 65. g5
Re1 66. g6 Rf1+ 67. Ke5 d4 68. Kxd4 Re1 69. Kd5 Kf8 70. Re6 Rd1+ 71. Ke5 Kg7
1/2-1/2

[Event "Memorial Francesco Greco"]
[Site "Napoli ITA"]
[Date "2015.04.16"]
[Round "2"]
[White "Angelotti, Mario"]
[Black "Baccelliere, Donato"]
[WhiteElo "1705"]
[BlackElo "1467"]
[Result "1-0"]
[PlyCount "81"]
[EventDate "2015.04.09"]

1. e4 c5 2. Nc3 Nc6 3. f4 e6 4. Nf3 d5 5. d3 d4 6. Ne2 Be7 7. Bd2 b5 8. a3 Rb8
9. Ng3 a5 10. e5 Qd5 11. Ne4 h6 12. Qe2 a4 13. g4 b4 14. f5 exf5 15. gxf5 Bxf5
16. Ng3 Bg4 17. Bg2 b3 18. c3 Be6 19. O-O Qd7 20. Ne4 f5 21. Ng3 Bd8 22. c4
Nge7 23. Nh4 Bc7 24. Rae1 Nxe5 25. Bf4 g5 26. Bxe5 gxh4 27. Bxc7 Rc8 28. Qxe6
Qxe6 29. Rxe6 Rxc7 30. Nxf5 Kd8 31. Bh3 Rg8+ 32. Kh1 h5 33. Rd6+ Ke8 34. Nxh4
Nc8 35. Bxc8 Rxc8 36. Re1+ Kf7 37. Nf5 Rge8 38. Nh6+ Kg7 39. Rg1+ Kh7 40. Nf5
Rc7 41. Rh6# 1-0

[Event "Memorial Francesco Greco"]
[Site "Napoli ITA"]
[Date "2015.04.16"]
[Round "2"]
[White "Auletta, Pasquale"]
[Black "Nardiello, Luigi"]
[WhiteElo "1604"]
[BlackElo "1945"]
[Result "1/2-1/2"]
[PlyCount "55"]
[EventDate "2015.04.09"]

1. e4 c5 2. Nf3 Nc6 3. d4 cxd4 4. Nxd4 e6 5. Nc3 a6 6. Bc4 Nge7 7. Bb3 Nxd4 8.
Qxd4 Nc6 9. Qd3 b5 10. Be3 Bb7 11. O-O-O d6 12. Bf4 e5 13. Be3 Rc8 14. Nd5 Na5
15. Rhf1 Nxb3+ 16. Qxb3 Bxd5 17. Qxd5 Qc7 18. Rd2 Qc4 19. Rfd1 Qxd5 20. Rxd5
Be7 21. f4 f6 22. b3 O-O 23. f5 Rc6 24. Kb2 Rfc8 25. R1d2 Kf7 26. g4 Ke8 27. h4
h6 28. h5 1/2-1/2

[Event "Memorial Francesco Greco"]
[Site "Napoli ITA"]
[Date "2015.04.16"]
[Round "2"]
[White "Di Giovine, Massimo"]
[Black "Basso, Lorenzo"]
[WhiteElo "1437"]
[BlackElo "1901"]
[Result "0-1"]
[PlyCount "82"]
[EventDate "2015.04.09"]

1. d4 Nf6 2. c4 c5 3. e3 g6 4. Nf3 Bg7 5. Nc3 O-O 6. Be2 d5 7. O-O cxd4 8. exd4
dxc4 9. Bxc4 a6 10. h3 b5 11. Be2 Bb7 12. Nh2 Nc6 13. Bf3 e6 14. a3 Qc7 15. Be3
Rfd8 16. Rc1 Rac8 17. Ne2 Qe7 18. Rc2 Nd5 19. Qc1 Na5 20. Bxd5 Rxc2 21. Qxc2
Bxd5 22. Nf4 Bc4 23. Rd1 Bb3 24. Qd2 Bxd1 25. Qxa5 Qd6 26. Qd2 Bb3 27. Nf3 e5
28. dxe5 Qxd2 29. Bxd2 Bd1 30. Bc3 Bxf3 31. gxf3 g5 32. Nh5 Bh8 33. f4 Rd3 34.
Kg2 h6 35. f5 Rxc3 36. Nf6+ Bxf6 37. bxc3 Bxe5 38. Kf3 Bxc3 39. Ke4 Bb2 40. Kd5
Bxa3 41. Kc6 b4 0-1

[Event "Memorial Francesco Greco"]
[Site "Napoli ITA"]
[Date "2015.04.16"]
[Round "2"]
[White "Esposito, Rosario"]
[Black "Buiano, Fabio"]
[WhiteElo "1813"]
[BlackElo "2067"]
[Result "0-1"]
[PlyCount "86"]
[EventDate "2015.04.09"]

1. d4 Nf6 2. c4 e6 3. Nc3 Bb4 4. f3 d5 5. a3 Be7 6. e4 dxe4 7. fxe4 e5 8. d5
Bc5 9. Nf3 Bg4 10. Qa4+ Nbd7 11. Bd2 O-O 12. Qc2 c6 13. Bd3 Re8 14. O-O-O a5
15. h3 Bxf3 16. gxf3 Bd4 17. Ne2 a4 18. Nxd4 exd4 19. f4 cxd5 20. e5 Ne4 21.
Bxe4 dxe4 22. Qxe4 Nc5 23. Qf3 Qb6 24. Bb4 Rac8 25. Kb1 Na6 26. c5 Nxc5 27.
Rxd4 Nb3 28. Rd6 Qc7 29. Bc3 b5 30. Qd5 Qc4 31. Qxc4 Rxc4 32. f5 Nc5 33. Rb6
Ne4 34. Rc1 Rc5 35. f6 Nxc3+ 36. Rxc3 Rcxe5 37. fxg7 Kxg7 38. Rg3+ Kf8 39. Rh6
Re1+ 40. Ka2 Rc8 41. Rxh7 Rcc1 42. Rh8+ Ke7 43. b4 Rc2# 0-1

[Event "Memorial Francesco Greco"]
[Site "Napoli ITA"]
[Date "2015.04.16"]
[Round "2"]
[White "Ficco, Corrado"]
[Black "Pellegrino, Carlo"]
[WhiteElo "2045"]
[BlackElo "1599"]
[Result "1-0"]
[PlyCount "83"]
[EventDate "2015.04.09"]

1. Nf3 c5 2. e4 e6 3. d4 cxd4 4. Nxd4 a6 5. Bd3 b6 6. O-O Nf6 7. c4 Bb7 8. Qe2
d6 9. Nc3 Be7 10. Be3 O-O 11. Rad1 Qc7 12. f3 Nbd7 13. Rc1 Rac8 14. b3 Qb8 15.
Qf2 Bd8 16. Bb1 Bc7 17. g3 Ba8 18. g4 Ne5 19. g5 Nfd7 20. Qh4 Ng6 21. Qh3 Rce8
22. Rce1 d5 23. exd5 Bf4 24. dxe6 fxe6 25. Nxe6 Bxe3+ 26. Rxe3 Nc5 27. Nd5 Nxe6
28. Rxe6 Bxd5 29. cxd5 Qd8 30. Bxg6 hxg6 31. Rfe1 Qxg5+ 32. Qg2 Qxg2+ 33. Kxg2
Kf7 34. Rxe8 Rxe8 35. Rxe8 Kxe8 36. Kf2 Kd7 37. Ke3 g5 38. Ke4 Kd6 39. Kd4 g6
40. h3 a5 41. a4 Ke7 42. Ke5 1-0

[Event "Memorial Francesco Greco"]
[Site "Napoli ITA"]
[Date "2015.04.16"]
[Round "2"]
[White "Ghiani, Marco"]
[Black "De Rosa, Francesco"]
[WhiteElo "1733"]
[BlackElo "1938"]
[Result "0-1"]
[PlyCount "88"]
[EventDate "2015.04.09"]

1. d4 d5 2. c4 e6 3. Nc3 Nf6 4. cxd5 exd5 5. Nf3 Bd6 6. Bg5 c6 7. Qc2 Nbd7 8.
e3 Qa5 9. Bd3 h6 10. Bh4 O-O 11. O-O Qc7 12. Rac1 a6 13. Ne2 Re8 14. Bg3 Ne4
15. Bxd6 Qxd6 16. Ng3 Ndf6 17. Nxe4 dxe4 18. Bc4 exf3 19. gxf3 Nd5 20. Kh1 Qf6
21. Qd1 Be6 22. Bd3 Qh4 23. Qd2 Rad8 24. Rg1 Nf6 25. Bc4 Bxc4 26. Rxc4 Qh3 27.
Qe2 Qf5 28. e4 Qb5 29. Qc2 Qb6 30. Qd2 Kh8 31. Rd1 Qb5 32. Rc5 Qxc5 33. dxc5
Rxd2 34. Rxd2 Re7 35. Kg2 a5 36. Kg3 Nd7 37. b4 Kg8 38. a3 Kf8 39. Rd4 Ke8 40.
f4 axb4 41. axb4 Nf6 42. f3 Rd7 43. Rd6 Rxd6 44. cxd6 Kd7 0-1

[Event "Memorial Francesco Greco"]
[Site "Napoli ITA"]
[Date "2015.04.16"]
[Round "2"]
[White "Guglielmi, Domenico Donato"]
[Black "Caiazzo, Diego"]
[WhiteElo "1494"]
[BlackElo "1718"]
[Result "1-0"]
[PlyCount "91"]
[EventDate "2015.04.09"]

1. d4 Nf6 2. c4 e6 3. Nc3 d5 4. Bg5 Be7 5. Nf3 O-O 6. e3 Nbd7 7. Bd3 dxc4 8.
Bxc4 c5 9. O-O cxd4 10. Nxd4 Ne5 11. Be2 a6 12. Qc2 Bd7 13. Nf3 Nc6 14. Rfd1
Qe8 15. h3 Rd8 16. Ne4 Nxe4 17. Bxe7 Nxe7 18. Qxe4 Bc6 19. Qh4 Ng6 20. Qg3 Qe7
21. Ne5 Nxe5 22. Qxe5 Rxd1+ 23. Rxd1 Rd8 24. Rxd8+ Qxd8 25. Qc3 h6 26. b4 Qd5
27. Bf3 Qd6 28. Bxc6 Qxc6 29. Qxc6 bxc6 30. Kf1 Kf8 31. Ke2 Ke7 32. Kd3 Kd6 33.
Kc4 f5 34. f4 g5 35. g4 fxg4 36. hxg4 Kd7 37. Kc5 Kc7 38. fxg5 hxg5 39. e4 e5
40. a4 a5 41. bxa5 Kb7 42. Kd6 Ka6 43. Kxc6 Kxa5 44. Kd5 Kxa4 45. Kxe5 Kb5 46.
Kd6 1-0